000
00267nam a2200097Ia 4500
001
1074926
005
20250827002228.0
008
250824s9999 xx 000 0 und d
245
0
_a
SEVGİ NEREDEYSE TANRI ORADADIR
_c
LEV N.TOLSTOY
260
_b
ANTİK DÜNYA KLASİKLERİ
999
_c
1074926
_d
1074926